Psaumes : traductions 1918-1959 /

Gespeichert in:
Bibliographische Detailangaben
Weitere Verfasser: Claudel, Paul (traducción) (traducción), Nantet, Renée (notas) (notas), Petit, Jacques (notas) (notas), Claudel, Pierre (prefacio) (prefacio)
Format: Buch
Sprache:Französisch
Veröffentlicht: París, Francia : Desclée de Brouwer, 1966, c1966
Schlagworte:
Tags: Tag hinzufügen
Keine Tags, Fügen Sie das erste Tag hinzu!

MARC

LEADER 00000nam^a2200000^a^4500
001 000321292
005 20250521000000.0
009 20260310113537.29
037 |a Acervo ITESO - Biblioteca 
041 |a FRA 
082 |a 223. 2  |b BIB 
240 1 1 |a [Biblia] 
245 1 0 |a Psaumes :  |b traductions 1918-1959 /  |c Tr. por P. Claudel ; notas de R. Nantet, J. Petit ; pref. de P. Claudel. 
264 4 |a París, Francia :  |b Desclée de Brouwer,  |c 1966, c1966 
300 |a 278 p. 
336 |a texto  |b txt  |2 rdacontenido 
337 |a sin mediación  |b n  |2 rdamedio 
338 |a volumen  |b nc  |2 rdasoporte 
545 0 |a Paul Claudel (Villeneuve-sur-Fère, 1868 - París, 1955), escritor central en el catolicismo francés del siglo XX y uno de los mayores poetas de su tiempo. Aunque escéptico ante la religión durante su juventud, el autor vivió una crisis espiritual que en 1886 lo llevaría de regreso a ella y que marcaría su obra literaria. Fue en ese mismo año que Claudel conoció Las iluminaciones, de Arthur Rimbaud, cuya lectura le abrió nuevos horizontes para la creación. Es un descubrimiento estético que en diálogo con su conversión, le hace ver la poesía (dramatúrgica y lírica) como espacio para la revelación divina; así y aunque suene paradójico, en su obra convive la modernidad literaria con la ortodoxia religiosa. A partir de 1890 ejerció la diplomacia, como cónsul y embajador en diversos países. Entre sus títulos destacan Cabeza de oro (1891), El cambio (1894), El reposo del séptimo día (1896), Reparto de mediodía (1906), Arte poética (1907), Cinco grandes odas (1909), La anunciación a María (1912), Cantata a tres voces (1913), Poemas de guerra (1922), Hojas de santos (1925), La zapatilla de raso (1929), Rostros radiantes (1945) y los textos autobiográficos Mémoires improvisées (1954) y Journal I y II (1968-1969). 
649 |a XX 
650 |a Biblia -  |x Antiguo Testamento -  |x Libros Poéticos y Sapienciales -  |x Salmos 
650 |a Biblia -  |x Antiguo Testamento -  |x Libros Poéticos y Sapienciales 
650 |a Libros Sagrados 
650 |a Literatura Religiosa 
650 |a Cristianismo 
650 |a Religión 
700 |a Claudel, Paul  |e (traducción) 
700 |a Nantet, Renée  |e (notas) 
700 |a Petit, Jacques  |e (notas) 
700 |a Claudel, Pierre  |e (prefacio) 
910 |a Fondo Ignacio Díaz Morales 
920 |a Impresos - Libros 
930 |a Arquitectos Jaliscienses 
905 |a 114 
901 |a 0500208451  |b IT1  |c JAL  |i D57906  |u 20250521 
902 |a https://opac.biblio.iteso.mx/vufind/Record/000321292